Piłkarze Reprezentacji Czadu - nagła śmierć - Statystyki

Ogólne statystyki
  • Ten quiz został rozwiązany 19 razy
  • Średni wynik to 2 z 6
Answers on the Grid
Answers color-coded by a green-red scale on the quiz's grid according to % correct below.
Floyd Ayité
Ezechiel Ndouassel
Lévy Madinda
Casimir Ninga
Ouwo Moussa Maazou
Marius Mouandilmadji
Ahmad Ngouyamsa
Lawrence Ati-Zigi
Charles Tchouplaou
Célestin Ecua
 
Statystyki odpowiedzi
Odpowiedź % Poprawnych
Marius Mouandilmadji
50%
Ezechiel Ndouassel
42%
Ahmad Ngouyamsa
33%
Casimir Ninga
25%
Charles Tchouplaou
17%
Célestin Ecua
8%
Nie znaleziono quizów pasujących do podanych kryteriów
Rozkład punktacji
Procent ludzi z każdym wynikiem
Percentyl według liczby udzielonych odpowiedzi
Twoja historia wyników
Nie rozwiązałeś tego quizu